Kluby i koła w Sejmie i Senacie 2023-2027 - Statystyki

Ogólne statystyki
  • Ten quiz został rozwiązany 897 razy
    22 od ostatniego zresetowania
  • Średni wynik to 8 z 10
Statystyki odpowiedzi
SEJM SENAT PARTIA % Poprawnych
156 43 Koalicja Obywatelska
100%
21 8 Lewica (Nowa Lewica, PPS, Unia Pracy)
100%
31 5 Polska 2050
100%
32 7 Polskie Stronnictwo Ludowe
100%
188 34 Prawo i Sprawiedliwość
100%
16 - Konfederacja
94%
4 - Razem
81%
3 - Konfederacja Korony Polskiej
69%
4 - Wolni Republikanie
38%
- 3 Niezależni i Samorządni
6%
Nie znaleziono quizów pasujących do podanych kryteriów
Rozkład punktacji
Procent ludzi z każdym wynikiem
Percentyl według liczby udzielonych odpowiedzi
Twoja historia wyników
Nie rozwiązałeś tego quizu od ostatniego zresetowania